| 000 | 02446cam a22005894i 4500 | ||
|---|---|---|---|
| 003 | PE-LiUPU | ||
| 005 | 20250731170457.0 | ||
| 008 | 150706s2012 ag a r 000 0 spa d | ||
| 020 | _a9875913480 | ||
| 020 | _a9789875913486 | ||
| 035 | _a(Sirsi) i9789875913486 | ||
| 040 |
_aPE-LiUPU _bspa _cPE-LiUPU _dPE-LiUPU _erda |
||
| 049 | _aPRUA | ||
| 082 | 0 | 4 |
_a158.7 _bC71 _221 |
| 100 | 1 |
_aCólica, Pablo R., _eautor. |
|
| 245 | 1 | 0 |
_aEstrés : _blo que usted quería preguntar y debe conocer / _cPablo R. Cólica. |
| 264 | 1 |
_aCórdoba : _bBrujas, _c2012. |
|
| 300 |
_a179 páginas : _bilustraciones ; _c23 centímetros |
||
| 336 |
_atext _2rdacontent |
||
| 337 |
_aunmediated _2rdamedia |
||
| 338 |
_avolume _2rdacarrier |
||
| 505 | 0 | _aEl concepto de estrés como enfermedad -- Estrés y ansiedad -- Cuándo enferma el estrés? -- Estrés y las llamadas "Carpetas psiquiátricas" prevención -- Enfermedades psicosomáticas. La división mente-cuerpo. Nuevas enfermedades. Clínica del estrés prolongado -- Estrés y emociones -- Calidad de vida -- Sobre la soledad -- Sobre el estrés materno-infantil -- sobre el desarrollo cerebral -- Estrés y memoria -- La función reparadora del sueño. Sueño y memoria -- Sobre el estrés celular -- El estrés del cuidador -- El estrés y las enfermedades del corazón -- El estrés de las fiestas del fin de año -- Acerca de la Psiconeurobiología del amor -- Sobre la risa y el estrés. | |
| 526 | _aSEG68 | ||
| 526 | _aSEG70 | ||
| 526 | _aSEG69 | ||
| 526 | _aSEG67 | ||
| 526 | _aSEG43 | ||
| 526 | _aP144 | ||
| 526 | _aP143 | ||
| 526 | _aP131 | ||
| 526 | _aP122 | ||
| 526 | _aP120 | ||
| 526 | _aP117 | ||
| 526 | _aP112 | ||
| 526 | _aP110 | ||
| 526 | _aP106 | ||
| 526 | _aP101 | ||
| 526 | _aP80 | ||
| 526 | _aP59 | ||
| 526 | _aP54 | ||
| 526 | _aP35 | ||
| 526 | _aP33 | ||
| 526 | _aP30 | ||
| 541 | _g030-0014458; | ||
| 650 | 0 | 4 | _aEstrés (Psicología). |
| 910 |
_agl _d20130718 |
||
| 942 |
_2ddc _cBOOK |
||
| 949 |
_a158.7 C71 _wDEWEY _c1 _i68154 _lCCODEBUL1 _mBUL _p16.00 _r0 _sY _tBOOK _u2015-7-6 _xFCE _PP04 _o.STAFF. Colección General |
||
| 994 |
_aC0 _bPEPRU |
||
| 596 | _a1 | ||
| 999 |
_a158.7 C71 _wDEWEY _c55588 _i68154 _d55588 _e2019-5-20 _f2021-11-3 _g6 _lCCODEBUL1 _mBUL _n1 _p16.00 _q1 _r0 _sY _tBOOK _u2015-7-6 _xSALUD _zP04 _0COMPRA _o.STAFF. Colección Ciencias de la Salud |
||
| 980 |
_81 _gALBERTO SANCHEZ Responsable de Automatización |
||